Nuevos enfoques sobre las cuentas nacionales de transferencias para la política fiscal, los programas sociales y las transferencias familiares de los países (Registro nro. 33372)
[ vista simple ]
| 000 -LEADER | |
|---|---|
| fixed length control field | 00478 a2200121 4500 |
| 001 - CONTROL NUMBER | |
| control field | ART_44813 |
| 005 - DATE AND TIME OF LATEST TRANSACTION | |
| control field | 20260410162024.0 |
| 008 - FIXED-LENGTH DATA ELEMENTS--GENERAL INFORMATION | |
| fixed length control field | 260409a |
| 100 1# - MAIN ENTRY--PERSONAL NAME | |
| Personal name | Mason, Andrew |
| 245 10 - TITLE STATEMENT | |
| Title | Nuevos enfoques sobre las cuentas nacionales de transferencias para la política fiscal, los programas sociales y las transferencias familiares de los países |
| 700 1# - ADDED ENTRY--PERSONAL NAME | |
| Personal name | Lee, Ronald |
| 773 0# - HOST ITEM ENTRY | |
| Title | Notas de población |
| Related parts | - Año XXXVII, Nº 90 (ene./jun. 2010) |
| Record control number | REV41841 |
No hay ítems disponibles.